[Event "DVM U20 2023"]
[Site "Magdeburg GER"]
[Date "2023.12.30"]
[Round "7"]
[White "Poggemann, Alexander"]
[Black "Meyer, Emil"]
[Result "1/2-1/2"]
[Termination "normal"]
[Board "5.4"]
[WhiteElo "1750"]
[BlackElo "1919"]
[WhiteClock "00:04:24"]
[BlackClock "00:22:16"]
[WhiteTeam "SV Hemer 1932"]
[BlackTeam "SK Münster 32"]
[PlyCount "55"]
[WhiteFideId "16224167"]
[BlackFideId "34625771"]
[EventCountry "GER"]
[EventRounds "7"]
[EventType "team-swiss"]
[EventDate "2023.12.26"]

1. d4 {[%clk 01:30:49]} {[%emt 00:00:10]} d5 {[%clk 01:30:52]} {[%emt
00:00:09]} 2. Nf3 {[%clk 01:30:55]} {[%emt 00:00:25]} Nf6 {[%clk 01:31:14]}
{[%emt 00:00:06]} 3. e3 {[%clk 01:31:06]} {[%emt 00:00:20]} c5 {[%clk
01:31:38]} {[%emt 00:00:05]} 4. dxc5 {[%clk 01:31:17]} {[%emt 00:00:20]} e6
{[%clk 01:32:03]} {[%emt 00:00:06]} 5. b4 {[%clk 01:31:31]} {[%emt 00:00:15]}
a5 {[%clk 01:32:27]} {[%emt 00:00:06]} 6. c3 {[%clk 01:31:17]} {[%emt
00:00:44]} axb4 {[%clk 01:32:17]} {[%emt 00:00:39]} 7. cxb4 {[%clk 01:31:38]}
{[%emt 00:00:09]} b6 {[%clk 01:32:43]} {[%emt 00:00:04]} 8. Bb5+ {[%clk
01:31:25]} {[%emt 00:00:43]} Bd7 {[%clk 01:31:42]} {[%emt 00:01:30]} 9. Bxd7+
{[%clk 01:31:46]} {[%emt 00:00:10]} Nfxd7 {[%clk 01:26:04]} {[%emt 00:06:07]}
10. a4 {[%clk 01:29:35]} {[%emt 00:02:41]} Na6 {[%clk 01:22:29]} {[%emt
00:04:06]} 11. Bd2 {[%clk 01:23:54]} {[%emt 00:06:12]} bxc5 {[%clk 01:16:46]}
{[%emt 00:06:12]} 12. b5 {[%clk 01:15:03]} {[%emt 00:09:21]} Nb4 {[%clk
01:14:12]} {[%emt 00:03:03]} 13. Bxb4 {[%clk 01:05:17]} {[%emt 00:10:16]} cxb4
{[%clk 01:14:23]} {[%emt 00:00:18]} 14. O-O {[%clk 01:04:10]} {[%emt 00:01:38]}
Bc5 {[%clk 01:10:52]} {[%emt 00:04:02]} 15. Nbd2 {[%clk 01:00:28]} {[%emt
00:04:12]} O-O {[%clk 01:06:39]} {[%emt 00:04:43]} 16. Nb3 {[%clk 00:59:21]}
{[%emt 00:01:37]} Qb6 {[%clk 01:05:59]} {[%emt 00:01:08]} 17. Qe2 {[%clk
00:53:16]} {[%emt 00:06:36]} Rfb8 {[%clk 01:02:17]} {[%emt 00:04:12]} 18. Rfc1
{[%clk 00:46:45]} {[%emt 00:07:01]} f6 {[%clk 00:56:45]} {[%emt 00:06:03]} 19.
Nxc5 {[%clk 00:44:19]} {[%emt 00:02:56]} Nxc5 {[%clk 00:56:35]} {[%emt
00:00:40]} 20. Nd4 {[%clk 00:32:31]} {[%emt 00:12:18]} Rxa4 {[%clk 00:45:50]}
{[%emt 00:11:15]} 21. Rxa4 {[%clk 00:29:27]} {[%emt 00:03:34]} Nxa4 {[%clk
00:45:34]} {[%emt 00:00:47]} 22. Rc6 {[%clk 00:25:16]} {[%emt 00:04:40]} Nc3
{[%clk 00:44:36]} {[%emt 00:01:28]} 23. Qg4 {[%clk 00:24:30]} {[%emt 00:01:16]}
Qb7 {[%clk 00:37:56]} {[%emt 00:07:08]} 24. Qxe6+ {[%emt 00:10:23]} Kh8 {[%clk
00:38:13]} {[%emt 00:00:10]} 25. b6 {[%clk 00:06:28]} {[%emt 00:08:44]} Qa6
{[%clk 00:26:18]} {[%emt 00:12:24]} 26. g3 {[%clk 00:05:56]} {[%emt 00:01:03]}
Ne4 {[%clk 00:24:03]} {[%emt 00:02:45]} 27. Qxd5 {[%clk 00:04:24]} {[%emt
00:02:02]} Nd2 {[%clk 00:22:16]} {[%emt 00:02:18]} 28. Qb5 {[%emt 00:14:21]}
1/2-1/2

[Event "DVM U20 2023"]
[Site "Magdeburg GER"]
[Date "2023.12.30"]
[Round "7"]
[White "Klugstedt, Vincent"]
[Black "Jagodzinsky, Lukas"]
[Result "1-0"]
[Termination "normal"]
[Board "5.5"]
[WhiteElo "1984"]
[BlackElo "1449"]
[WhiteClock "01:16:29"]
[BlackClock "00:42:39"]
[WhiteTeam "SK Münster 32"]
[BlackTeam "SV Hemer 1932"]
[PlyCount "57"]
[WhiteFideId "16216393"]
[BlackFideId "16233255"]
[EventCountry "GER"]
[EventRounds "7"]
[EventType "team-swiss"]
[EventDate "2023.12.26"]

1. d4 {[%clk 01:30:32]} {[%emt 00:00:29]} d5 {[%clk 01:30:57]} {[%emt
00:00:04]} 2. c4 {[%clk 01:30:05]} {[%emt 00:00:57]} e6 {[%clk 01:31:22]}
{[%emt 00:00:05]} 3. Nc3 {[%clk 01:30:23]} {[%emt 00:00:11]} Nf6 {[%clk
01:31:48]} {[%emt 00:00:03]} 4. cxd5 {[%clk 01:30:38]} {[%emt 00:00:17]} exd5
{[%clk 01:32:11]} {[%emt 00:00:06]} 5. Bg5 {[%clk 01:30:54]} {[%emt 00:00:14]}
Be7 {[%clk 01:32:11]} {[%emt 00:00:30]} 6. e3 {[%clk 01:31:04]} {[%emt
00:00:19]} c6 {[%clk 01:32:33]} {[%emt 00:00:08]} 7. Bd3 {[%clk 01:31:23]}
{[%emt 00:00:11]} O-O {[%clk 01:32:17]} {[%emt 00:00:46]} 8. Qc2 {[%clk
01:31:31]} {[%emt 00:00:21]} h6 {[%clk 01:32:15]} {[%emt 00:00:32]} 9. Bh4
{[%clk 01:31:46]} {[%emt 00:00:17]} Re8 {[%clk 01:29:57]} {[%emt 00:02:48]} 10.
Nge2 {[%clk 01:31:07]} {[%emt 00:01:08]} Be6 {[%clk 01:29:30]} {[%emt
00:00:58]} 11. O-O {[%clk 01:31:05]} {[%emt 00:00:31]} Nh5 {[%clk 01:28:30]}
{[%emt 00:01:30]} 12. Bxe7 {[%clk 01:30:18]} {[%emt 00:01:18]} Qxe7 {[%clk
01:28:48]} {[%emt 00:00:11]} 13. Rae1 {[%clk 01:28:58]} {[%emt 00:01:50]} Nd7
{[%clk 01:28:41]} {[%emt 00:00:38]} 14. Nf4 {[%clk 01:26:54]} {[%emt 00:02:33]}
Qg5 {[%clk 01:24:54]} {[%emt 00:04:16]} 15. Nxh5 {[%clk 01:25:21]} {[%emt
00:02:04]} Qxh5 {[%clk 01:25:19]} {[%emt 00:00:06]} 16. f3 {[%clk 01:25:16]}
{[%emt 00:00:34]} Nf6 {[%clk 01:20:19]} {[%emt 00:05:31]} 17. Ne2 {[%clk
01:23:25]} {[%emt 00:02:21]} Bd7 {[%clk 01:19:20]} {[%emt 00:01:29]} 18. Nf4
{[%clk 01:21:34]} {[%emt 00:02:21]} Qg5 {[%clk 01:18:51]} {[%emt 00:00:59]} 19.
Qf2 {[%clk 01:21:17]} {[%emt 00:00:46]} Nh5 {[%clk 01:17:03]} {[%emt 00:02:18]}
20. h4 {[%clk 01:20:34]} {[%emt 00:01:14]} Nxf4 {[%clk 01:14:27]} {[%emt
00:03:06]} 21. Bh7+ {[%clk 01:18:16]} {[%emt 00:02:48]} Kxh7 {[%clk 01:07:48]}
{[%emt 00:07:09]} 22. hxg5 {[%clk 01:18:40]} {[%emt 00:00:06]} Ng6 {[%clk
01:05:59]} {[%emt 00:02:19]} 23. gxh6 {[%clk 01:18:35]} {[%emt 00:00:35]} gxh6
{[%clk 01:06:15]} {[%emt 00:00:14]} 24. Qg3 {[%clk 01:18:16]} {[%emt 00:00:48]}
Rac8 {[%clk 01:05:08]} {[%emt 00:01:40]} 25. Kf2 {[%clk 01:17:44]} {[%emt
00:01:01]} Kg7 {[%clk 01:03:40]} {[%emt 00:01:57]} 26. Rc1 {[%clk 01:17:32]}
{[%emt 00:00:42]} Re6 {[%clk 01:01:45]} {[%emt 00:02:24]} 27. Rh1 {[%clk
01:17:11]} {[%emt 00:00:52]} Ree8 {[%clk 00:49:30]} {[%emt 00:12:46]} 28. Rh5
{[%clk 01:16:56]} {[%emt 00:00:45]} Rh8 {[%clk 00:42:39]} {[%emt 00:07:20]} 29.
Rch1 {[%clk 01:16:29]} {[%emt 00:00:58]} 1-0

[Event "DVM U20 2023"]
[Site "Magdeburg GER"]
[Date "2023.12.30"]
[Round "7"]
[White "Senel, Serdar"]
[Black "Kvantaliani, Saba"]
[Result "0-1"]
[Termination "normal"]
[Board "5.6"]
[WhiteElo "1019"]
[BlackElo "1963"]
[WhiteClock "00:26:40"]
[BlackClock "00:29:21"]
[WhiteTeam "SV Hemer 1932"]
[BlackTeam "SK Münster 32"]
[PlyCount "96"]
[WhiteFideId "34608796"]
[BlackFideId "16284364"]
[EventCountry "GER"]
[EventRounds "7"]
[EventType "team-swiss"]
[EventDate "2023.12.26"]

1. d4 {[%clk 01:30:56]} {[%emt 00:00:01]} Nf6 {[%clk 01:08:56]} {[%emt
00:07:31]} 2. Nf3 {[%clk 01:30:44]} {[%emt 00:00:42]} e6 {[%clk 01:09:25]}
{[%emt 00:00:01]} 3. e3 {[%clk 01:30:47]} {[%emt 00:00:26]} d5 {[%emt
00:00:04]} 4. Bd3 {[%clk 01:30:27]} {[%emt 00:00:48]} c5 {[%clk 01:09:12]}
{[%emt 00:01:12]} 5. b3 {[%clk 01:29:34]} {[%emt 00:01:23]} Nc6 {[%clk
01:09:04]} {[%emt 00:00:38]} 6. O-O {[%clk 01:29:05]} {[%emt 00:00:59]} Bd6
{[%clk 01:08:18]} {[%emt 00:01:16]} 7. Bb2 {[%clk 01:28:59]} {[%emt 00:00:36]}
O-O {[%clk 01:08:41]} {[%emt 00:00:08]} 8. Nbd2 {[%clk 01:29:06]} {[%emt
00:00:22]} Re8 {[%clk 01:06:09]} {[%emt 00:03:02]} 9. Ne5 {[%clk 01:27:50]}
{[%emt 00:01:47]} Qc7 {[%clk 01:06:12]} {[%emt 00:00:26]} 10. f4 {[%clk
01:27:41]} {[%emt 00:00:40]} cxd4 {[%clk 01:06:25]} {[%emt 00:00:17]} 11. exd4
{[%clk 01:27:26]} {[%emt 00:00:44]} Nb4 {[%clk 01:06:47]} {[%emt 00:00:09]} 12.
Ndf3 {[%clk 01:25:33]} {[%emt 00:02:24]} Nxd3 {[%clk 01:05:21]} {[%emt
00:01:55]} 13. Qxd3 {[%clk 01:24:11]} {[%emt 00:01:51]} Ne4 {[%clk 01:05:32]}
{[%emt 00:00:19]} 14. Ng5 {[%clk 01:20:52]} {[%emt 00:03:50]} f6 {[%clk
01:05:12]} {[%emt 00:00:50]} 15. Nxe4 {[%clk 01:20:41]} {[%emt 00:00:41]} dxe4
{[%clk 01:05:34]} {[%emt 00:00:09]} 16. Qxe4 {[%clk 01:20:56]} {[%emt
00:00:14]} fxe5 {[%clk 01:05:59]} {[%emt 00:00:06]} 17. fxe5 {[%clk 01:21:10]}
{[%emt 00:00:15]} Bf8 {[%clk 01:03:28]} {[%emt 00:03:01]} 18. c4 {[%clk
01:19:46]} {[%emt 00:01:52]} a5 {[%clk 00:52:57]} {[%emt 00:11:02]} 19. d5
{[%clk 01:06:17]} {[%emt 00:14:00]} a4 {[%clk 00:51:38]} {[%emt 00:01:49]} 20.
d6 {[%clk 01:01:24]} {[%emt 00:05:23]} Qa5 {[%clk 00:47:35]} {[%emt 00:04:33]}
21. Qf4 {[%clk 00:54:28]} {[%emt 00:07:26]} Qd8 {[%clk 00:46:58]} {[%emt
00:01:07]} 22. Qf7+ {[%clk 00:50:27]} {[%emt 00:04:28]} Kh8 {[%clk 00:47:27]}
23. Bd4 {[%clk 00:49:22]} {[%emt 00:01:40]} Bd7 {[%clk 00:44:45]} {[%emt
00:03:11]} 24. b4 {[%clk 00:45:07]} {[%emt 00:04:46]} b5 {[%clk 00:43:54]}
{[%emt 00:01:20]} 25. c5 {[%clk 00:44:53]} {[%emt 00:00:45]} Bc6 {[%clk
00:43:59]} {[%emt 00:00:24]} 26. Rf4 {[%clk 00:41:41]} {[%emt 00:03:41]} g6
{[%clk 00:38:06]} {[%emt 00:06:24]} 27. g3 {[%clk 00:32:53]} {[%emt 00:09:18]}
Bg7 {[%clk 00:37:52]} {[%emt 00:00:44]} 28. Raf1 {[%clk 00:29:06]} {[%emt
00:04:17]} Rf8 {[%clk 00:31:57]} {[%emt 00:06:24]} 29. Qxe6 {[%clk 00:26:13]}
{[%emt 00:03:24]} Re8 {[%clk 00:28:05]} {[%emt 00:04:21]} 30. Qg4 {[%clk
00:26:08]} {[%emt 00:00:33]} Bd5 {[%clk 00:27:19]} {[%emt 00:01:18]} 31. a3
{[%clk 00:25:15]} {[%emt 00:01:23]} Re6 {[%clk 00:21:36]} {[%emt 00:06:13]} 32.
Rf7 {[%clk 00:20:33]} {[%emt 00:05:12]} Kg8 {[%clk 00:18:00]} {[%emt 00:04:07]}
33. Qf4 {[%clk 00:17:02]} {[%emt 00:03:59]} Qe8 {[%clk 00:17:21]} {[%emt
00:01:09]} 34. Rc7 {[%clk 00:13:32]} {[%emt 00:04:00]} Bc4 {[%clk 00:12:49]}
{[%emt 00:05:03]} 35. Rf2 {[%clk 00:11:52]} {[%emt 00:02:10]} Bxe5 {[%clk
00:13:06]} {[%emt 00:00:13]} 36. Bxe5 {[%clk 00:08:43]} {[%emt 00:03:40]} Rxe5
{[%clk 00:13:35]} 37. c6 {[%clk 00:07:42]} {[%emt 00:01:31]} Re1+ {[%clk
00:10:17]} {[%emt 00:03:48]} 38. Kg2 {[%clk 00:07:56]} {[%emt 00:00:17]} Qe6
{[%clk 00:10:43]} {[%emt 00:00:02]} 39. g4 {[%emt 00:03:32]} Bd5+ 40. Kg3
{[%emt 00:00:01]} Re3+ 41. Kh4 Bc4 {[%clk 00:10:43]} {[%emt 00:00:03]} 42. Kg3
{[%clk 00:03:35]} Re1 {[%clk 00:10:43]} {[%emt 00:02:00]} 43. Kg2 {[%clk
00:04:50]} {[%emt 00:01:49]} Bd5+ {[%clk 00:09:07]} {[%emt 00:02:06]} 44. Kh3
{[%clk 00:03:26]} {[%emt 00:01:53]} Re4 {[%clk 00:06:29]} {[%emt 00:03:07]} 45.
Qg5 {[%clk 00:01:52]} {[%emt 00:02:00]} h6 {[%clk 00:05:17]} {[%emt 00:01:47]}
46. Qh4 {[%clk 00:29:38]} {[%emt 00:02:44]} Re3+ {[%clk 00:29:38]} {[%emt
00:06:09]} 47. Qg3 {[%clk 00:29:50]} {[%emt 00:00:19]} h5 {[%clk 00:29:38]}
{[%emt 00:00:30]} 48. Re7 {[%clk 00:26:40]} {[%emt 00:03:40]} Qxg4# {[%clk
00:29:21]} {[%emt 00:00:13]} 0-1

[Event "DVM U20 2023"]
[Site "Magdeburg GER"]
[Date "2023.12.30"]
[Round "7"]
[White "Kanzow, Alexander"]
[Black "Matthäi, Jakob"]
[Result "1-0"]
[Termination "normal"]
[Board "6.1"]
[WhiteElo "1839"]
[BlackElo "2076"]
[WhiteClock "00:59:31"]
[BlackClock "00:17:46"]
[WhiteTeam "KSV Rochade Göttingen (Veltheim)"]
[BlackTeam "USG Chemnitz"]
[PlyCount "63"]
[WhiteFideId "16225414"]
[BlackFideId "16240421"]
[EventCountry "GER"]
[EventRounds "7"]
[EventType "team-swiss"]
[EventDate "2023.12.26"]

1. Nf3 {[%clk 01:30:57]} {[%emt 00:00:02]} Nf6 {[%clk 01:30:54]} {[%emt
00:00:06]} 2. g3 {[%clk 01:29:15]} {[%emt 00:02:13]} b6 {[%clk 01:31:12]}
{[%emt 00:00:11]} 3. Bg2 {[%clk 01:29:08]} {[%emt 00:00:36]} Bb7 {[%clk
01:31:39]} {[%emt 00:00:04]} 4. O-O {[%clk 01:29:25]} {[%emt 00:00:13]} c5
{[%clk 01:30:56]} {[%emt 00:01:14]} 5. c4 {[%clk 01:29:24]} {[%emt 00:00:29]}
e6 {[%clk 01:29:17]} {[%emt 00:02:10]} 6. Nc3 {[%clk 01:29:36]} {[%emt
00:00:17]} Be7 {[%clk 01:29:17]} {[%emt 00:00:30]} 7. b3 {[%clk 01:29:08]}
{[%emt 00:00:59]} O-O {[%clk 01:29:17]} {[%emt 00:00:30]} 8. Bb2 {[%clk
01:29:23]} {[%emt 00:00:15]} d6 {[%clk 01:27:11]} {[%emt 00:02:37]} 9. d4
{[%clk 01:28:49]} {[%emt 00:01:02]} cxd4 {[%clk 01:27:32]} {[%emt 00:00:10]}
10. Qxd4 {[%clk 01:28:58]} {[%emt 00:00:20]} Nc6 {[%clk 01:27:30]} {[%emt
00:00:34]} 11. Qd2 {[%clk 01:29:17]} {[%emt 00:00:10]} a6 {[%clk 01:27:12]}
{[%emt 00:00:49]} 12. e4 {[%clk 01:23:56]} {[%emt 00:05:50]} Qc7 {[%clk
01:26:23]} {[%emt 00:01:19]} 13. Qe2 {[%clk 01:23:50]} {[%emt 00:00:36]} Nd7
{[%clk 01:24:53]} {[%emt 00:02:00]} 14. Rfd1 {[%clk 01:22:12]} {[%emt
00:02:08]} Rfd8 {[%clk 01:23:57]} {[%emt 00:01:26]} 15. Rac1 {[%clk 01:19:54]}
{[%emt 00:02:48]} Rac8 {[%clk 01:22:12]} {[%emt 00:02:17]} 16. Nd5 {[%clk
01:19:33]} {[%emt 00:00:50]} exd5 {[%clk 01:18:58]} {[%emt 00:03:44]} 17. cxd5
{[%clk 01:19:53]} {[%emt 00:00:10]} Qb8 {[%clk 01:19:01]} {[%emt 00:00:27]} 18.
dxc6 {[%clk 01:20:13]} {[%emt 00:00:11]} Rxc6 {[%clk 01:18:41]} {[%emt
00:00:50]} 19. Rxc6 {[%clk 01:20:28]} {[%emt 00:00:15]} Bxc6 {[%clk 01:19:08]}
{[%emt 00:00:03]} 20. Nd4 {[%clk 01:20:46]} {[%emt 00:00:11]} Bb7 {[%clk
01:18:57]} {[%emt 00:00:42]} 21. Nf5 {[%clk 01:19:55]} {[%emt 00:01:20]} Bf6
{[%clk 01:19:21]} {[%emt 00:00:07]} 22. Bxf6 {[%clk 01:12:54]} {[%emt
00:07:31]} Nxf6 {[%clk 01:19:38]} {[%emt 00:00:13]} 23. e5 {[%clk 01:10:58]}
{[%emt 00:02:25]} Bxg2 {[%clk 00:41:50]} {[%emt 00:38:18]} 24. exf6 {[%clk
00:58:38]} {[%emt 00:12:51]} Bh3 {[%clk 00:17:15]} {[%emt 00:25:05]} 25. Ne7+
{[%clk 00:58:28]} {[%emt 00:00:39]} Kh8 {[%clk 00:16:59]} {[%emt 00:00:48]} 26.
Qh5 {[%clk 00:58:29]} {[%emt 00:00:27]} Be6 {[%clk 00:16:51]} {[%emt 00:00:39]}
27. Qg5 {[%clk 00:58:20]} {[%emt 00:00:37]} g6 {[%clk 00:16:43]} {[%emt
00:00:39]} 28. Qh6 {[%clk 00:58:29]} {[%emt 00:00:21]} Rg8 {[%clk 00:17:07]}
{[%emt 00:00:06]} 29. Nxg8 {[%clk 00:58:46]} {[%emt 00:00:13]} Qxg8 {[%clk
00:17:32]} {[%emt 00:00:05]} 30. Rxd6 {[%clk 00:59:09]} {[%emt 00:00:07]} Bf5
{[%clk 00:17:21]} {[%emt 00:00:42]} 31. Rd8 {[%clk 00:59:31]} {[%emt 00:00:07]}
Qxd8 {[%clk 00:17:46]} {[%emt 00:00:04]} 32. Qg7# {[%emt 00:00:05]} 1-0

[Event "DVM U20 2023"]
[Site "Magdeburg GER"]
[Date "2023.12.30"]
[Round "7"]
[White "Ehrig, Leon Chris"]
[Black "Mimkes, Antal"]
[Result "0-1"]
[Termination "normal"]
[Board "6.2"]
[WhiteElo "2051"]
[BlackElo "1823"]
[WhiteClock "00:13:56"]
[BlackClock "00:15:54"]
[WhiteTeam "USG Chemnitz"]
[BlackTeam "KSV Rochade Göttingen (Veltheim)"]
[PlyCount "64"]
[WhiteFideId "16244796"]
[BlackFideId "16265963"]
[EventCountry "GER"]
[EventRounds "7"]
[EventType "team-swiss"]
[EventDate "2023.12.26"]

1. c4 {[%clk 01:30:57]} {[%emt 00:00:02]} f5 {[%clk 01:29:59]} {[%emt
00:01:02]} 2. g3 {[%clk 01:30:02]} {[%emt 00:01:26]} Nf6 {[%clk 01:30:02]}
{[%emt 00:00:27]} 3. Bg2 {[%clk 01:29:48]} {[%emt 00:00:42]} g6 {[%clk
01:30:08]} {[%emt 00:00:25]} 4. d4 {[%clk 01:29:06]} {[%emt 00:01:12]} Bg7
{[%clk 01:30:12]} {[%emt 00:00:27]} 5. Nc3 {[%clk 01:28:34]} {[%emt 00:01:01]}
d6 {[%clk 01:30:20]} {[%emt 00:00:22]} 6. h4 {[%clk 01:24:21]} {[%emt
00:04:44]} h6 {[%clk 01:27:34]} {[%emt 00:03:16]} 7. e4 {[%clk 01:15:00]}
{[%emt 00:09:49]} Nc6 {[%clk 01:25:51]} {[%emt 00:02:13]} 8. Nge2 {[%clk
01:09:06]} {[%emt 00:06:25]} e5 {[%clk 01:24:06]} {[%emt 00:02:14]} 9. dxe5
{[%clk 01:01:36]} {[%emt 00:08:00]} Nxe5 {[%clk 01:22:48]} {[%emt 00:01:49]}
10. Nd4 {[%clk 00:55:50]} {[%emt 00:06:15]} fxe4 {[%clk 01:20:16]} {[%emt
00:03:03]} 11. Nxe4 {[%clk 00:56:12]} {[%emt 00:00:08]} Bg4 {[%clk 01:14:25]}
{[%emt 00:06:21]} 12. Qc2 {[%clk 00:50:19]} {[%emt 00:06:23]} O-O {[%clk
01:09:44]} {[%emt 00:05:10]} 13. O-O {[%clk 00:42:37]} {[%emt 00:08:12]} Qd7
{[%clk 01:01:07]} {[%emt 00:09:09]} 14. Bf4 {[%clk 00:36:23]} {[%emt 00:06:43]}
Rae8 {[%clk 00:53:42]} {[%emt 00:07:56]} 15. Nxf6+ {[%clk 00:33:47]} {[%emt
00:03:05]} Rxf6 {[%clk 00:52:36]} {[%emt 00:01:36]} 16. Rfe1 {[%clk 00:31:06]}
{[%emt 00:03:11]} Ref8 {[%clk 00:44:25]} {[%emt 00:08:42]} 17. Be3 {[%clk
00:20:47]} {[%emt 00:10:48]} c5 {[%clk 00:42:36]} {[%emt 00:02:19]} 18. Ne2
{[%clk 00:19:22]} {[%emt 00:01:55]} Nf3+ {[%clk 00:37:13]} {[%emt 00:05:53]}
19. Bxf3 {[%clk 00:19:38]} {[%emt 00:00:14]} Bxf3 {[%clk 00:37:19]} {[%emt
00:00:24]} 20. Kh2 {[%clk 00:19:26]} {[%emt 00:00:42]} g5 {[%clk 00:34:53]}
{[%emt 00:02:56]} 21. hxg5 {[%clk 00:19:01]} {[%emt 00:00:56]} Qg4 {[%clk
00:31:24]} {[%emt 00:03:58]} 22. Ng1 {[%clk 00:16:49]} {[%emt 00:02:42]} hxg5
{[%clk 00:22:31]} {[%emt 00:09:22]} 23. Nxf3 {[%clk 00:15:49]} {[%emt
00:01:31]} Qxf3 {[%clk 00:19:38]} {[%emt 00:03:23]} 24. Bxg5 {[%clk 00:14:32]}
{[%emt 00:01:46]} Qh5+ {[%clk 00:19:47]} {[%emt 00:00:21]} 25. Kg2 {[%clk
00:14:48]} {[%emt 00:00:14]} Rxf2+ {[%clk 00:18:52]} {[%emt 00:01:27]} 26. Qxf2
{[%clk 00:15:13]} {[%emt 00:00:04]} Rxf2+ {[%clk 00:19:16]} {[%emt 00:00:06]}
27. Kxf2 {[%clk 00:15:38]} {[%emt 00:00:05]} Qxg5 {[%clk 00:19:30]} {[%emt
00:00:16]} 28. Re4 {[%clk 00:15:12]} {[%emt 00:00:55]} Be5 {[%clk 00:18:51]}
{[%emt 00:01:10]} 29. g4 {[%clk 00:13:35]} {[%emt 00:02:07]} Qh4+ {[%clk
00:18:21]} {[%emt 00:00:59]} 30. Ke2 {[%clk 00:13:59]} {[%emt 00:00:06]} Qh2+
{[%clk 00:17:47]} {[%emt 00:01:04]} 31. Kd3 {[%clk 00:14:09]} {[%emt 00:00:20]}
Qxb2 {[%clk 00:15:53]} {[%emt 00:02:26]} 32. Rf1 {[%clk 00:13:56]} {[%emt
00:00:41]} Qc3+ {[%clk 00:15:54]} {[%emt 00:00:29]} 0-1

[Event "DVM U20 2023"]
[Site "Magdeburg GER"]
[Date "2023.12.30"]
[Round "7"]
[White "Mehner, Lorenz"]
[Black "Nizamova, Rita"]
[Result "0-1"]
[Termination "normal"]
[Board "6.4"]
[WhiteElo "1825"]
[BlackElo "1794"]
[WhiteTeam "USG Chemnitz"]
[BlackTeam "KSV Rochade Göttingen (Veltheim)"]
[PlyCount "78"]
[WhiteFideId "16293096"]
[BlackFideId "16221940"]
[EventCountry "GER"]
[EventRounds "7"]
[EventType "team-swiss"]
[EventDate "2023.12.26"]

1. d4 {[%emt 00:51:43]} Nf6 {[%emt 00:00:09]} 2. c4 {[%emt 00:00:06]} c5 {[%emt
00:00:02]} 3. d5 {[%emt 00:00:08]} b5 {[%emt 00:00:05]} 4. cxb5 {[%emt
00:00:26]} a6 {[%emt 00:00:02]} 5. f3 {[%emt 00:02:13]} e6 {[%emt 00:04:13]} 6.
e4 {[%emt 00:09:18]} exd5 {[%emt 00:00:14]} 7. exd5 {[%emt 00:00:25]} d6 {[%emt
00:00:14]} 8. a4 {[%emt 00:02:46]} Nbd7 {[%emt 00:06:52]} 9. Nc3 {[%emt
00:19:41]} Be7 {[%emt 00:02:50]} 10. Bd3 {[%emt 00:30:18]} O-O {[%emt
00:06:30]} 11. Nge2 {[%emt 00:00:34]} Ne5 {[%emt 00:02:44]} 12. Bc2 {[%emt
00:05:15]} Bb7 {[%emt 00:04:04]} 13. f4 {[%emt 00:03:52]} Ng6 {[%emt 00:04:11]}
14. Bb3 {[%emt 00:01:58]} Qc7 {[%emt 00:07:47]} 15. Bc4 {[%emt 00:01:01]} axb5
{[%emt 00:05:50]} 16. Nxb5 {[%emt 00:01:32]} Qd7 {[%emt 00:02:17]} 17. Nec3
{[%emt 00:01:29]} Nh4 {[%emt 00:08:24]} 18. O-O {[%emt 00:04:12]} Bc8 {[%emt
00:04:14]} 19. b3 {[%emt 00:03:59]} Ng4 {[%emt 00:03:56]} 20. Qd3 {[%emt
00:02:27]} Bf6 {[%emt 00:04:31]} 21. Bb2 {[%emt 00:01:45]} Nf5 {[%emt
00:06:36]} 22. Rae1 {[%emt 00:02:04]} Nd4 {[%emt 00:06:37]} 23. Nd1 {[%emt
00:00:59]} Ba6 {[%emt 00:07:02]} 24. Nxd4 {[%emt 00:01:33]} Bxc4 {[%emt
00:00:01]} 25. Qxc4 {[%emt 00:00:47]} cxd4 {[%emt 00:00:34]} 26. Bxd4 {[%emt
00:01:02]} Rac8 {[%emt 00:01:14]} 27. Qd3 {[%emt 00:00:46]} h5 {[%emt
00:03:07]} 28. Ne3 {[%emt 00:01:20]} Bxd4 {[%emt 00:03:07]} 29. Qxd4 {[%emt
00:00:17]} Nf6 {[%emt 00:03:39]} 30. Rc1 {[%emt 00:00:21]} Rfe8 {[%emt
00:00:30]} 31. Rxc8 {[%emt 00:00:53]} Qxc8 {[%emt 00:00:12]} 32. Nc4 {[%emt
00:01:30]} Qg4 {[%emt 00:01:34]} 33. Qd3 {[%emt 00:01:12]} Re4 {[%emt
00:01:40]} 34. h3 {[%emt 00:00:33]} Qd7 {[%emt 00:00:42]} 35. Qd2 {[%emt
00:00:29]} h4 {[%emt 00:00:40]} 36. Ra1 {[%emt 00:00:27]} Nh5 {[%emt 00:00:31]}
37. f5 {[%emt 00:00:30]} Ng3 {[%emt 00:00:36]} 38. Re1 {[%emt 00:00:30]} Qxf5
{[%emt 00:00:47]} 39. Rxe4 {[%emt 00:00:13]} Qf1+ {[%emt 00:00:08]} 0-1